'S' Entertainment Images II Quiz Stats

 Plays Quiz Updated Apr 20, 2018

Support Sporcle.
Go Orange.
Score 0/25 Timer 04:00
0 Plays Today
% Correct
Spider-Man
93.5%
Shaggy
87.4%
Sheldon Cooper
87.2%
School of Rock
83.1%
Spock
76.9%
Sherlock Holmes
74.9%
Smurfette
74.7%
Sam Malone
72.1%
Barbra Streisand
70.2%
Skeletor
62.2%
Scarecrow
60.6%
Sixteen Candles
59.3%
Se7en
59.1%
% Correct
Pete Sampras
56%
Severus Snape
54%
Pat Sajak
52.1%
Shutter Island
51.2%
Sissy Spacek
48.3%
Splinter
44.4%
Scott Pilgrim vs. the World
41.5%
She-Ra
41%
Saruman the White
39.4%
Sonia Sotomayor
26.8%
Sayid Jarrah
26.1%
Steve Holt!
24.1%

You're not logged in!

Compare scores with friends on all Sporcle quizzes.
OR
Log In

From the Vault

NBA Three-peat Players

by therm33

If you're going to win two championships with the same people, you might as well make it three.
Remove Ads.
Support Sporcle.
Get the best of Sporcle when you Go Orange. This ad-free experience offers more features, more stats, and more fun while also helping to support Sporcle. Thank you for becoming a member.

Show Comments

Extras

Top Quizzes Today


Score Distribution

Your Account Isn't Verified!

In order to create a playlist on Sporcle, you need to verify the email address you used during registration. Go to your Sporcle Settings to finish the process.

Report this User

Report this user for behavior that violates our Community Guidelines.

Details: